[Event "Moscow op-C 04th (Women)"]
[Site "Moscow"]
[Date "2008.02.07"]
[Round "6"]
[White "Abramova, Ekaterina"]
[Black "Charochkina, Daria"]
[Result "0-1"]
[WhiteElo "2190"]
[BlackElo "2383"]
[PlyCount "64"]
[EventDate "2008.02.02"]
[EventType "swiss"]
[EventRounds "9"]
[EventCountry "RUS"]
[SourceTitle "CBM 122 Extra"]
[Source "ChessBase"]
[SourceDate "2008.03.04"]
[SourceVersion "1"]
[SourceVersionDate "2008.03.04"]
[SourceQuality "1"]

1. d4 d5 2. Nf3 Nf6 3. Bg5 g6 4. e3 Bg7 5. Be2 0-0 6. Nbd2 Ne4 7. Nxe4 dxe4 8. Nd2 f5 9. 0-0 Qe8 10. Nc4 Nd7 11. Bf4 Qd8 12. c3 Nf6 13. Ne5 Nd5 14. Bc4 e6 15. Bxd5 Qxd5 16. h4 Qd8 17. Bg5 Qe8 18. g4 b6 19. Kg2 Bb7 20. Rh1 fxg4 21. Qxg4 Rf5 22. Bf4 Kh8 23. Rag1 Qe7 24. Rh3 Raf8 25. Kh2 Rxf4 26. exf4 Bh6 27. Kg2 Bxf4 28. Kf1 Bxe5 29. dxe5 Qc5 30. Rh2 Qe3 31. Qe2 Qf4 32. Rh3 Ba6 0-1

[Event "Moscow op-C 04th (Women)"]
[Site "Moscow"]
[Date "2008.02.03"]
[Round "2"]
[White "Abramova, Ekaterina"]
[Black "Munguntuul, Batkhuyag"]
[Result "0-1"]
[WhiteElo "2190"]
[BlackElo "2261"]
[PlyCount "102"]
[EventDate "2008.02.02"]
[EventType "swiss"]
[EventRounds "9"]
[EventCountry "RUS"]
[SourceTitle "CBM 122 Extra"]
[Source "ChessBase"]
[SourceDate "2008.03.04"]
[SourceVersion "1"]
[SourceVersionDate "2008.03.04"]
[SourceQuality "1"]

1. d4 Nf6 2. Nf3 g6 3. Bg5 Bg7 4. Nbd2 0-0 5. e4 d6 6. c3 c5 7. Be2 b6 8. 0-0 Bb7 9. d5 Nbd7 10. Bc4 Ng4 11. h3 Nge5 12. Nxe5 Nxe5 13. Bb3 b5 14. Nf3 Nxf3+ 15. Qxf3 f5 16. Rfe1 c4 17. Bc2 f4 18. h4 h6 19. Bxf4 g5 20. hxg5 hxg5 21. Qg4 Rxf4 22. Qxg5 Qf8 23. e5 dxe5 24. Rxe5 Qf6 25. Qxf6 Bxf6 26. Rh5 Rh4 27. Rxh4 Bxh4 28. Rd1 Rd8 29. Bf5 Kf8 30. Be6 Bf6 31. a3 a5 32. Rd2 Bc8 33. Bxc8 Rxc8 34. d6 e6 35. f4 Rd8 36. g4 Ke8 37. g5 Be7 38. Kf2 Rxd6 39. Re2 Kf7 40. Kf3 Bf8 41. Re5 Rd5 42. Re2 Bg7 43. Kg4 Rd8 44. Rf2 Rd5 45. Re2 Rd1 46. Kf3 Rd3+ 47. Kg4 Bxc3 48. bxc3 Rxc3 49. g6+ Kf6 50. g7 Kxg7 51. Rxe6 b4 0-1